Регионална библиотека "Любен Каравелов" - Русе

Западноевропейската интеграция и работническата класа (Запис номер 484633)

MARC детайли
000 -Лидер
Контролно поле с фиксирана дължина nam a22 a 4500
003 - Код на организацията, давaща контролен номер
Контролно поле BLK
005 - Дата и час на последна редакция
Контролно поле 20221207084046.0
008 - Елементи от данни с фиксирана дължина
fixed length control field 200410b bu ||||| |||| 00| 0 bu d
040 ## - Източник на каталожния запис
Идентификатор на билиотеката - собственик на записа BLK
041 ## - Код за език
Код за езика на текст/звукозапис или на отделно заглавие Български
Код за езика КДБФ Български
080 ## - УДК
Текстов определител УДК Международно икономическо сътрудничество. Международна икономическа интеграция. Трансфер на технологии (икон. аспекти)
УДК код - определител по УДК 339.92
УДК - код + определител 339.92(4)
100 ## - Редна дума - Автор
R(LIN) 431447
Автор Начев, Начо Димитров
Авторска отговорност първи автор
139 ## - Редно поле
Редна дума Начев, Начо Димитров
245 ## - Сведения за заглавието
Заглавие Западноевропейската интеграция и работническата класа
Подзаглавни данни [Полит. очерк]
Редно поле (дума) Начо Начев.
260 ## - Област на издателските данни
9 (RLIN) 210729
Място на издаване, разпространение и проч. София
Име на издателя, разпространителя и проч. Профиздат
Година на издаване 1980
300 ## - Физическа характеристика
Страници 135 с.
Размери/Мащаб 21 см
380 ## - Жанр
Жанр Обществени науки
650 #0 - Допълнително описание по предмет – тема
9 (RLIN) 466661
Основно описание – тема или топоним Европа - общ пазар
650 #0 - Допълнително описание по предмет – тема
9 (RLIN) 250409
Основно описание – тема или топоним Икономическа интеграция - България с Европейската общност
653 #7 - Ключова дума – ненормативна
9 (RLIN) 198844
Ключова дума търговия
653 #7 - Ключова дума – ненормативна
9 (RLIN) 185942
Ключова дума ЕИО
852 ## - Местоположение
Форматна сигнатура Цб 105604
Фондова буква Хранилище
856 ## - Електронен адрес и достъп
Инструкция (цена за достъп) 0.00
Права за достъп disable
999 ## - СИСТЕМНИ КОНТРОЛНИ НОМЕРА
Koha biblionumber 484633
Koha biblioitemnumber 484633
942 ## - АРТИКУЛИ
Вид на библиотечния материал Книги
Скрит в OPAC Не
Периодичен библиозапис Да
944 ## - СЪЗДАВАНЕ И РЕДАКЦИЯ на ЗАПИСА
Създаване/Редакция Създаване
Дата на регистрацията/редакция 2022-12-07
Служител, извършил регистрацията/редакцията нр
Наличности
Код за отписване Код за изгубен артикул Източник на класификационната схема Код за повреда Коз за рестрикции Код за отдаване Артикулен № Име на библиотеката - собственик Име на библиотеката, в която се намира в момента Статус (Текущо местоположение) Дата на вписване в системата Местоположение - отдел Цена в лева Инвентарен номер Систематично азбучна сигнатура Баркод Цена в евро Служебен тип на артикула
  Не е изгубен Universal Decimal Classification Не е повреден само за читалня ползва се в читалня 917080 Регионална библиотека "Любен Каравелов" Русе Регионална библиотека "Любен Каравелов" Русе Хранилище 2022-12-08 Хранилище 0.65 313421 Цб 105604 120000313421 0.33 Книги
Vip Innovations Ltd, Rousse, Bulgaria 2025